Ktorá právna forma spoločnosti je najvýhodnejšia?
Dôležité kritériá pri voľbe právnej formy spoločnosti. Zhodnotenie možností financovania základných právnych foriem podnikania, ich vzájomné porovnanie a zhrnutie ich najdôležitejších výhod a nevýhod. Ide o právne formy podnikania: podnik jednotlivca, verejná obchodná spoločnosť, komanditná spoločno...
Na minha lista:
| Autor principal: | |
|---|---|
| Formato: | Capítulo de Livro |
| Idioma: | eslovaco |
| Assuntos: | |
| Tags: |
Sem tags, seja o primeiro a adicionar uma tag!
|
MARC
| LEADER | 00000naa$a2200000$$$4500 | ||
|---|---|---|---|
| 001 | 0107565 | ||
| 005 | 20240502072203.5 | ||
| 041 | 0 | |a slo | |
| 044 | |a SK | ||
| 245 | 1 | 0 | |a Ktorá právna forma spoločnosti je najvýhodnejšia? |c Jana Mikócziová |
| 520 | |a Dôležité kritériá pri voľbe právnej formy spoločnosti. Zhodnotenie možností financovania základných právnych foriem podnikania, ich vzájomné porovnanie a zhrnutie ich najdôležitejších výhod a nevýhod. Ide o právne formy podnikania: podnik jednotlivca, verejná obchodná spoločnosť, komanditná spoločnosť, spoločnosť s ručením obmedzeným, akciová spoločnosť. | ||
| 610 | 2 | 0 | |a podnik |
| 610 | 2 | 0 | |a formy podnikov |
| 610 | 2 | 0 | |a formy financovania |
| 610 | 2 | 0 | |a financovanie |
| 610 | 2 | 0 | |a spoločnosti obchodné |
| 610 | 2 | 0 | |a spoločnosti s r.o. |
| 610 | 2 | 0 | |a spoločnosti akciové |
| 610 | 2 | 0 | |a spoločnosti komanditné |
| 610 | 2 | 0 | |a živnosti |
| 610 | 2 | 0 | |a živnostníci |
| 100 | 1 | |a Mikócziová, Jana | |